000 00649nam a2200277Ia 4500
003 OSt
005 20220912152738.0
006 a|||||r|||| 00| 0
007 ta
008 220909b |||||||| |||| 00| 0 eng d
024 _a36723
037 _cTextual
040 _aCSL
_beng
_cCSL
041 _aeng
082 _aC414, J9
100 _aCarslaw H S
245 0 _aConduction of heat in solids
250 _a2
260 _c1959
300 _ap.
_ccm.
650 _a Heat transference
650 _aPhysics
700 _a Jaegger J C
942 _hC414, J9
_cTEXL
_2CC
999 _c90958
_d90958